000 00395nam a2200157Ia 4500
008 250916s9999 xx 000 0 und d
020 _a978-1-260-45831-2
082 _a005.8 MES
100 _aMessier, Ric
245 0 _aBuild your own cybersecurity testing lab
250 _a1st
260 _aNew York:
_bMcGraw-Hill,
_c2020
300 _a308 p.
600 _aComputer Science
942 _cBK
999 _c31613
_d31613